Aj dlhopisy FNM budú podliehať investorskému riziku
Dlhopis FNM je neštandardným typom obligácie. Tri varianty obligácií a rozpis ich finančných tokov. Hodnotenie investície do dlhopisu - vnútorná výnosová miera (IRR), čistá súčasná hodnota. Riziko a výnos obligácie (graf).
Enregistré dans:
| Auteur principal: | |
|---|---|
| Autres auteurs: | |
| Format: | Chapitre de livre |
| Langue: | slovaque |
| Sujets: | |
| Tags: |
Pas de tags, Soyez le premier à ajouter un tag!
|
MARC
| LEADER | 00000naa a2200000 4500 | ||
|---|---|---|---|
| 001 | r018961 | ||
| 005 | 20221205102853.8 | ||
| 041 | 0 | |a slo | |
| 044 | |a SK | ||
| 245 | 1 | 0 | |a Aj dlhopisy FNM budú podliehať investorskému riziku |c J. Kováčik, M. Vester |
| 520 | |a Dlhopis FNM je neštandardným typom obligácie. Tri varianty obligácií a rozpis ich finančných tokov. Hodnotenie investície do dlhopisu - vnútorná výnosová miera (IRR), čistá súčasná hodnota. Riziko a výnos obligácie (graf). | ||
| 610 | 2 | 0 | |a Slovensko |
| 610 | 2 | 0 | |a FNM SR Bratislava |
| 610 | 2 | 0 | |a dlhopisy |
| 610 | 2 | 0 | |a privatizácia |
| 610 | 2 | 0 | |a obligácie |
| 610 | 2 | 0 | |a investície |
| 610 | 2 | 0 | |a riziko |
| 610 | 2 | 0 | |a výnosy |
| 100 | 1 | |a Kováčik, J. | |
| 700 | 1 | |a Vester, M. | |